[Event "HUN-ch Rapid"]
[Site "Ajka"]
[Date "2023.07.22"]
[Round "6"]
[White "Horvath, Peter"]
[Black "Farago, Sandor"]
[Result "1-0"]
[WhiteElo "2379"]
[BlackElo "2112"]
[PlyCount "139"]
[EventDate "2023.07.21"]
[EventType "swiss (rapid)"]
[EventRounds "13"]
[EventCountry "HUN"]
[SourceTitle "CBM 215 Extra"]
[Source "ChessBase"]
[SourceDate "2023.09.30"]
[SourceVersion "1"]
[SourceVersionDate "2023.09.30"]
[SourceQuality "1"]

1. d4 Nf6 2. c4 c5 3. d5 g6 4. Nc3 d6 5. e4 Bg7 6. Be2 Na6 7. Nf3 Nc7 8. a4 0-0 9. 0-0 b6 10. Bf4 Nh5 11. Be3 a6 12. Qd2 Bd7 13. Bh6 Ne8 14. e5 dxe5 15. Bxg7 Nhxg7 16. Nxe5 Nd6 17. Qf4 Qc7 18. Rfe1 Rae8 19. Bg4 Bxg4 20. Qxg4 Ngf5 21. h4 h5 22. Qf4 Kg7 23. Nc6 Kh7 24. Re5 Nd4 25. Nxd4 cxd4 26. Ne4 Qd7 27. b3 Nf5 28. Re1 Kg7 29. Ng3 Nxg3 30. Qxg3 Qd6 31. R1e4 Qc5 32. Rxh5 d3 33. Qg5 Rh8 34. Rxh8 Kxh8 35. Qd2 b5 36. axb5 axb5 37. Qxd3 bxc4 38. bxc4 Kg8 39. h5 Ra8 40. hxg6 Ra1+ 41. Kh2 Qd6+ 42. Qg3 fxg6 43. Qxd6 exd6 44. Re6 Rc1 45. Rxg6+ Kf7 46. Rxd6 Rxc4 47. Ra6 Rd4 48. d6 Ke6 49. Kg3 Kf5 50. f3 Kg5 51. Ra5+ Kf6 52. f4 Rxd6 53. Kg4 Kg6 54. g3 Rb6 55. Kh4 Rb4 56. Rg5+ Kf6 57. Kg4 Ra4 58. Rb5 Ra6 59. Rb4 Kg6 60. f5+ Kf6 61. Kf4 Ra1 62. Rb6+ Kf7 63. Kg5 Rg1 64. Rb7+ Kg8 65. g4 Kh8 66. Kh5 Ra1 67. Kg6 Ra6+ 68. f6 Ra8 69. Rh7+ Kg8 70. f7+ 1-0

[Event "HUN-chT 2122"]
[Site "Hungary"]
[Date "2021.10.31"]
[Round "2.8"]
[White "Horvath, Peter"]
[Black "Szalai, Kornel"]
[Result "0-1"]
[WhiteElo "2412"]
[BlackElo "2382"]
[PlyCount "118"]
[EventDate "2021.10.10"]
[EventType "team-tourn"]
[EventRounds "9"]
[EventCountry "HUN"]
[SourceTitle "EXT 2023"]
[Source "ChessBase"]
[SourceDate "2022.10.05"]
[SourceVersion "1"]
[SourceVersionDate "2022.10.05"]
[SourceQuality "1"]
[WhiteTeam "Ajka Sentimento"]
[BlackTeam "Mako Duocor"]
[WhiteTeamCountry "HUN"]
[BlackTeamCountry "HUN"]

1. d4 Nf6 2. Nf3 g6 3. c4 Bg7 4. Nc3 0-0 5. g3 d6 6. Bg2 c5 7. d5 e6 8. 0-0 exd5 9. cxd5 Re8 10. Nd2 a6 11. a4 Nbd7 12. a5 b5 13. axb6 Nxb6 14. h3 Bd7 15. Re1 Bb5 16. Nde4 Nxe4 17. Nxe4 h6 18. Nc3 Nc4 19. Qc2 Qf6 20. Rb1 Na3 21. bxa3 Qxc3 22. Qd1 Ba4 23. Qd2 Rab8 24. Rxb8 Rxb8 25. Qxc3 Bxc3 26. Rf1 Kg7 27. h4 Be5 28. f4 Bd4+ 29. e3 Bc3 30. Be4 f5 31. Bd3 Bb5 32. Rd1 Ba4 33. Rf1 Bb5 34. Rd1 Bxd3 35. Rxd3 Bf6 36. Rd2 c4 37. Kf2 c3 38. Rd1 Kf7 39. Ke2 Rb5 40. Rd3 Rb7 41. Kd1 Re7 42. Kc2 Re4 43. Rd1 h5 44. Kd3 a5 45. Re1 Ke8 46. Rh1 a4 47. Re1 Kd8 48. Rh1 Re7 49. Re1 Kc7 50. e4 Rxe4 51. Rxe4 fxe4+ 52. Kxe4 Kb6 53. Be3+ Kb5 54. Kd3 c2 55. Kxc2 Kc4 56. Bd2 Kxd5 57. Kd3 Bd4 58. Ke2 Ke4 59. Bb4 Bc5 0-1

[Event "HUN-ch Rapid"]
[Site "Ajka"]
[Date "2021.07.17"]
[Round "6"]
[White "Horvath, Peter"]
[Black "Tancsa, Tamas"]
[Result "0-1"]
[WhiteElo "2408"]
[BlackElo "2026"]
[PlyCount "48"]
[EventDate "2021.07.16"]
[EventType "swiss (rapid)"]
[EventRounds "13"]
[EventCountry "HUN"]
[SourceTitle "CBM 203 Extra"]
[Source "ChessBase"]
[SourceDate "2021.09.30"]
[SourceVersion "1"]
[SourceVersionDate "2021.09.30"]
[SourceQuality "1"]

1. d4 Nf6 2. c4 d6 3. Nf3 g6 4. Nc3 Bg7 5. g3 0-0 6. Bg2 Nbd7 7. 0-0 e5 8. e4 exd4 9. Nxd4 Re8 10. h3 a6 11. Re1 Rb8 12. a4 Ne5 13. b3 Nfd7 14. f4 Nc6 15. Be3 Nc5 16. Rb1 f5 17. e5 Nxd4 18. Bxd4 Ne6 19. Ba7 Ra8 20. Bf2 c6 21. b4 dxe5 22. fxe5 Qc7 23. g4 Bxe5 24. gxf5 Bxc3 0-1

[Event "HUN-ch rapid"]
[Site "Ajka"]
[Date "2020.07.19"]
[Round "10"]
[White "Horvath, Peter"]
[Black "Nogrady, Vilmos"]
[Result "1-0"]
[WhiteElo "2409"]
[BlackElo "2128"]
[PlyCount "59"]
[EventDate "2020.07.17"]
[EventType "swiss (rapid)"]
[EventRounds "13"]
[EventCountry "HUN"]
[SourceTitle "CBM 197 Extra"]
[Source "ChessBase"]
[SourceDate "2020.09.30"]
[SourceVersion "1"]
[SourceVersionDate "2020.09.30"]
[SourceQuality "1"]

1. d4 d5 2. c4 e6 3. Nc3 Nf6 4. cxd5 exd5 5. Bg5 Be7 6. Qc2 c6 7. e3 0-0 8. Bd3 Nbd7 9. Nf3 Re8 10. 0-0 Nf8 11. Rab1 Bg4 12. Ne5 Bh5 13. b4 a6 14. a4 N6d7 15. Bxe7 Qxe7 16. Nxd7 Nxd7 17. Bxh7+ Kh8 18. Bf5 Nb6 19. Bd3 Qg5 20. Ne2 Re6 21. Ng3 Bg6 22. Bxg6 Rxg6 23. b5 axb5 24. axb5 Nc4 25. bxc6 bxc6 26. Rb7 Nd6 27. Rc7 Ne4 28. Rxc6 Nxg3 29. hxg3 Ra6 30. Rxa6 1-0

[Event "HUN-ch rapid"]
[Site "Ajka"]
[Date "2020.07.17"]
[Round "4"]
[White "Juhasz, Barbara"]
[Black "Horvath, Peter"]
[Result "1-0"]
[WhiteElo "2223"]
[BlackElo "2409"]
[PlyCount "65"]
[EventDate "2020.07.17"]
[EventType "swiss (rapid)"]
[EventRounds "13"]
[EventCountry "HUN"]
[SourceTitle "CBM 197 Extra"]
[Source "ChessBase"]
[SourceDate "2020.09.30"]
[SourceVersion "1"]
[SourceVersionDate "2020.09.30"]
[SourceQuality "1"]

1. e4 c5 2. Nf3 Nc6 3. Bb5 g6 4. Bxc6 dxc6 5. d3 Bg7 6. 0-0 Nf6 7. h3 0-0 8. Nc3 b6 9. a4 a5 10. Be3 Re8 11. Qd2 e5 12. Bh6 Qd6 13. Bxg7 Kxg7 14. Rae1 Nh5 15. Ne2 Ra7 16. Qc3 f6 17. g4 Nf4 18. Nxf4 exf4 19. e5 fxe5 20. Nxe5 Kg8 21. Nc4 Qd8 22. Rxe8+ Qxe8 23. Nxb6 Rf7 24. Re1 Qf8 25. Nxc8 Qxc8 26. Qxc5 f3 27. Qc4 Kg7 28. Qd4+ Kg8 29. Re5 h5 30. Qe4 Kg7 31. Re6 hxg4 32. Qxg6+ Kf8 33. Qh6+ 1-0

[Event "HUN-ch rapid"]
[Site "Ajka"]
[Date "2020.07.17"]
[Round "1"]
[White "Nagy, Miklos"]
[Black "Horvath, Peter"]
[Result "1/2-1/2"]
[WhiteElo "1760"]
[BlackElo "2409"]
[PlyCount "100"]
[EventDate "2020.07.17"]
[EventType "swiss (rapid)"]
[EventRounds "13"]
[EventCountry "HUN"]
[SourceTitle "CBM 197 Extra"]
[Source "ChessBase"]
[SourceDate "2020.09.30"]
[SourceVersion "1"]
[SourceVersionDate "2020.09.30"]
[SourceQuality "1"]

1. e4 c5 2. Nf3 Nc6 3. d4 cxd4 4. Nxd4 e5 5. Nb5 d6 6. N1c3 a6 7. Na3 Be7 8. Nd5 Nf6 9. Nxe7 Nxe7 10. Bd3 d5 11. Qe2 0-0 12. 0-0 dxe4 13. Bxe4 Nxe4 14. Qxe4 Qc7 15. Re1 f6 16. Qc4+ Qxc4 17. Nxc4 Be6 18. Ne3 Rfd8 19. b3 Nf5 20. Nxf5 Bxf5 21. c4 Rd3 22. Be3 Rad8 23. Kf1 e4 24. Ke2 Bg4+ 25. f3 exf3+ 26. gxf3 Bh5 27. Rg1 Kf7 28. Rg3 g5 29. h4 gxh4 30. Rh3 Bg6 31. Kf2 Re8 32. Re1 Rc3 33. Rxh4 Bd3 34. Rd4 Rc2+ 35. Kg3 Bf5 36. Kf4 Re5 37. Rd6 Rxa2 38. Rxf6+ Kxf6 39. Bd4 Kf7 40. Rxe5 Bc2 41. Rc5 Bxb3 42. Rc7+ Ke6 43. Rxb7 Bxc4 44. Rxh7 a5 45. Rh5 a4 46. Re5+ Kd6 47. Bc5+ Kc6 48. Bf8 Bd5 49. Kg3 Ra1 50. Re3 Rg1+ 1/2-1/2

[Event "HUN-ch rapid"]
[Site "Ajka"]
[Date "2019.07.21"]
[Round "11"]
[White "Gledura, Benjamin"]
[Black "Horvath, Peter"]
[Result "1-0"]
[WhiteElo "2654"]
[BlackElo "2418"]
[PlyCount "83"]
[EventDate "2019.07.19"]
[EventType "swiss (rapid)"]
[EventRounds "13"]
[EventCountry "HUN"]
[SourceTitle "CBM 191 Extra"]
[Source "ChessBase"]
[SourceDate "2019.09.30"]
[SourceVersion "1"]
[SourceVersionDate "2019.09.30"]
[SourceQuality "1"]

1. Nf3 d5 2. g3 Nf6 3. Bg2 Bg4 4. d4 c6 5. h3 Bxf3 6. Bxf3 Nbd7 7. c4 e6 8. 0-0 Bd6 9. b3 0-0 10. Bb2 Qe7 11. Qc2 dxc4 12. bxc4 e5 13. e3 e4 14. Bg2 Qe6 15. Nd2 Rfe8 16. Qb3 Rab8 17. c5 Bc7 18. Qxe6 Rxe6 19. Rab1 b6 20. cxb6 axb6 21. Rfc1 Ra8 22. a3 Ra7 23. Rc2 c5 24. dxc5 Nxc5 25. Rc4 h6 26. Bxf6 gxf6 27. Nxe4 Nxe4 28. Bxe4 Kg7 29. a4 Rd6 30. Kg2 Rd2 31. Kf3 Bd8 32. Bc6 Re7 33. Rb5 Re5 34. Rxe5 fxe5 35. Be4 Be7 36. Rc7 Kf6 37. Rb7 Bc5 38. Bc6 Ke6 39. g4 Rc2 40. Bd7+ Kf6 41. Be8 e4+ 42. Kxe4 1-0

[Event "HUN-ch rapid"]
[Site "Ajka"]
[Date "2019.07.21"]
[Round "10"]
[White "Horvath, Peter"]
[Black "Balog, Imre1111"]
[Result "1-0"]
[WhiteElo "2418"]
[BlackElo "2566"]
[PlyCount "75"]
[EventDate "2019.07.19"]
[EventType "swiss (rapid)"]
[EventRounds "13"]
[EventCountry "HUN"]
[SourceTitle "CBM 191 Extra"]
[Source "ChessBase"]
[SourceDate "2019.09.30"]
[SourceVersion "1"]
[SourceVersionDate "2019.09.30"]
[SourceQuality "1"]

1. d4 Nf6 2. Nf3 g6 3. c4 c5 4. d5 b5 5. cxb5 a6 6. bxa6 Bg7 7. Nc3 0-0 8. e4 Qa5 9. Bd2 Bxa6 10. Rb1 Bxf1 11. Kxf1 e6 12. g3 Qb4 13. Qe2 Qb7 14. Bg5 Nxd5 15. Kg2 Nxc3 16. bxc3 Qa7 17. e5 Nc6 18. Rb2 Qc7 19. Re1 Ra3 20. Rc2 Rfa8 21. h4 Qb7 22. Bf6 d5 23. Bxg7 Kxg7 24. h5 d4 25. Qe4 Rxc3 26. h6+ Kg8 27. Rxc3 dxc3 28. Rc1 Rxa2 29. Rxc3 Ra5 30. Rd3 Ra8 31. Rd6 Rc8 32. Ng5 c4 33. Kh2 c3 34. Qf3 f5 35. exf6 c2 36. f7+ Kf8 37. Qf6 Nd4 38. Nxh7# 1-0

[Event "HUN-ch rapid"]
[Site "Ajka"]
[Date "2019.07.21"]
[Round "13"]
[White "Horvath, Peter"]
[Black "Czebe, Attila"]
[Result "0-1"]
[WhiteElo "2418"]
[BlackElo "2436"]
[PlyCount "62"]
[EventDate "2019.07.19"]
[EventType "swiss (rapid)"]
[EventRounds "13"]
[EventCountry "HUN"]
[SourceTitle "CBM 191 Extra"]
[Source "ChessBase"]
[SourceDate "2019.09.30"]
[SourceVersion "1"]
[SourceVersionDate "2019.09.30"]
[SourceQuality "1"]

1. d4 d6 2. c4 e5 3. d5 g6 4. e4 Bg7 5. Nc3 a5 6. Be2 f5 7. exf5 gxf5 8. Bh5+ Kf8 9. Be2 Na6 10. Nf3 Ne7 11. a3 Bd7 12. Rb1 Ng6 13. 0-0 Qf6 14. Bg5 Qf7 15. b4 axb4 16. axb4 h6 17. Be3 Bf6 18. c5 Kg7 19. c6 bxc6 20. dxc6 Be6 21. Bxa6 Rxa6 22. b5 Ra3 23. Qc1 Raa8 24. b6 cxb6 25. Rxb6 Ne7 26. Rb7 Rhg8 27. Nb5 Kh8 28. Nxd6 Qh5 29. Ne1 Bd5 30. Rc7 Rxg2+ 31. Nxg2 Qf3 0-1

[Event "HUN-ch rapid"]
[Site "Ajka"]
[Date "2019.07.20"]
[Round "8"]
[White "Horvath, Peter"]
[Black "Prohaszka, Peter"]
[Result "1/2-1/2"]
[WhiteElo "2418"]
[BlackElo "2598"]
[PlyCount "109"]
[EventDate "2019.07.19"]
[EventType "swiss (rapid)"]
[EventRounds "13"]
[EventCountry "HUN"]
[SourceTitle "CBM 191 Extra"]
[Source "ChessBase"]
[SourceDate "2019.09.30"]
[SourceVersion "1"]
[SourceVersionDate "2019.09.30"]
[SourceQuality "1"]

1. d4 d5 2. Bf4 c5 3. e3 cxd4 4. exd4 Nc6 5. c3 Bf5 6. Nf3 e6 7. Bd3 Bxd3 8. Qxd3 Nge7 9. Nbd2 Ng6 10. Bg3 Bd6 11. Bxd6 Qxd6 12. 0-0 0-0 13. Rfe1 Rad8 14. Qe3 Rfe8 15. Ne5 Nf8 16. f4 f6 17. Nxc6 Qxc6 18. Qd3 Qd6 19. g3 Qb6 20. Kg2 Qxb2 21. Reb1 Qa3 22. Rxb7 Rc8 23. Rb3 Qa5 24. a4 Rc6 25. Raa3 Qc7 26. a5 Rb8 27. Rxb8 Qxb8 28. f5 Qd6 29. Rb3 a6 30. fxe6 Nxe6 31. Qe3 Qc7 32. Ra3 Nf8 33. Qf3 Qd6 34. Rb3 Qd8 35. Rb6 Rxb6 36. axb6 Qxb6 37. Qxd5+ Qe6 38. Qxe6+ Nxe6 39. Nb3 Kf7 40. Kf3 f5 41. c4 Kf6 42. Ke3 g5 43. d5 f4+ 44. Ke4 fxg3 45. hxg3 Ng7 46. g4 h5 47. gxh5 Nxh5 48. c5 Ng3+ 49. Kf3 Nf5 50. c6 Ke5 51. c7 Ne7 52. Nc5 Kxd5 53. Nxa6 Kc6 54. Kg4 Kb7 55. Nc5+ 1/2-1/2

[Event "HUN-chT2 Charousek 1819"]
[Site "Hungary"]
[Date "2019.04.28"]
[Round "11.3"]
[White "Egri, Laszlo Jr"]
[Black "Horvath, Peter"]
[Result "1/2-1/2"]
[WhiteElo "2264"]
[BlackElo "2424"]
[PlyCount "87"]
[EventDate "2018.09.23"]
[EventType "team-tourn"]
[EventRounds "11"]
[EventCountry "HUN"]
[SourceTitle "EXT 2021"]
[Source "ChessBase"]
[SourceDate "2020.10.23"]
[SourceVersion "1"]
[SourceVersionDate "2020.10.23"]
[SourceQuality "1"]
[WhiteTeam "Gyor Szechenyi"]
[BlackTeam "Ajka Banyasz"]
[WhiteTeamCountry "HUN"]
[BlackTeamCountry "HUN"]

1. d4 d5 2. c4 e6 3. Nf3 Nf6 4. g3 dxc4 5. Bg2 Bd7 6. Ne5 Bc6 7. Nxc6 Nxc6 8. Qa4 Qd7 9. Qxc4 Nxd4 10. Bxb7 Rb8 11. Be3 Bb4+ 12. Kf1 Rxb7 13. Bxd4 Be7 14. Bc3 0-0 15. e4 Rd8 16. Nd2 Rb6 17. Nb3 h5 18. Kg2 h4 19. Rhd1 Rd6 20. Rd2 Rxd2 21. Bxd2 Ng4 22. Bc3 h3+ 23. Kg1 Qd1+ 24. Be1 Qd3 25. Qxd3 Rxd3 26. Kf1 Bf6 27. Ke2 Rd7 28. f3 Ne5 29. Nc5 Rd8 30. Bc3 Nc4 31. Nd3 Bxc3 32. bxc3 Rb8 33. Rc1 g5 34. Rc2 f5 35. Nf2 Kg7 36. Kd3 Ne5+ 37. Ke3 Kf6 38. Nxh3 Nxf3 39. exf5 exf5 40. Kxf3 g4+ 41. Kg2 gxh3+ 42. Kxh3 Rd8 43. Kg2 Rd3 44. Kf2 1/2-1/2

[Event "HUN-chT2 Charousek 1819"]
[Site "Hungary"]
[Date "2019.02.24"]
[Round "8.2"]
[White "Horvath, Peter"]
[Black "Karsa, Laszlo"]
[Result "1/2-1/2"]
[WhiteElo "2424"]
[BlackElo "2337"]
[PlyCount "26"]
[EventDate "2018.09.23"]
[EventType "team-tourn"]
[EventRounds "11"]
[EventCountry "HUN"]
[SourceTitle "CBM 189 Extra"]
[Source "ChessBase"]
[SourceDate "2019.06.03"]
[SourceVersion "1"]
[SourceVersionDate "2019.06.03"]
[SourceQuality "1"]
[WhiteTeam "Ajka Banyasz"]
[BlackTeam "Komlo Banyasz"]
[WhiteTeamCountry "HUN"]
[BlackTeamCountry "HUN"]

1. d4 e6 2. Nf3 c5 3. c3 Nc6 4. a3 Nf6 5. g3 d5 6. Bg2 cxd4 7. cxd4 g6 8. 0-0 Bg7 9. Nc3 0-0 10. h3 Ne4 11. Be3 Nxc3 12. bxc3 Bd7 13. Bf4 Rc8 1/2-1/2

[Event "HUN-chT2 Charousek 1819"]
[Site "Hungary"]
[Date "2018.12.02"]
[Round "5.3"]
[White "Horvath, Peter"]
[Black "Petran, Pal"]
[Result "1-0"]
[WhiteElo "2424"]
[BlackElo "2306"]
[PlyCount "77"]
[EventDate "2018.09.23"]
[EventType "team-tourn"]
[EventRounds "11"]
[EventCountry "HUN"]
[SourceTitle "CBM 189 Extra"]
[Source "ChessBase"]
[SourceDate "2019.06.03"]
[SourceVersion "1"]
[SourceVersionDate "2019.06.03"]
[SourceQuality "1"]
[WhiteTeam "Ajka Banyasz"]
[BlackTeam "Budapest HASE"]
[WhiteTeamCountry "HUN"]
[BlackTeamCountry "HUN"]

1. d4 Nf6 2. c4 e6 3. Nc3 Bb4 4. Bg5 c5 5. d5 exd5 6. cxd5 h6 7. Bh4 0-0 8. e3 d6 9. Bd3 g5 10. Bg3 Nxd5 11. Nge2 Bg4 12. Qc2 Qf6 13. 0-0 Bxc3 14. Nxc3 Nxc3 15. bxc3 Nc6 16. Rab1 Qe7 17. Qa4 Be6 18. f4 f6 19. h4 Rad8 20. hxg5 hxg5 21. fxg5 Bc8 22. Qe4 Qxe4 23. Bxe4 d5 24. Bf5 fxg5 25. Bxc8 Rxc8 26. Rxb7 Rxf1+ 27. Kxf1 Re8 28. Rc7 Re6 29. Kf2 a6 30. Rd7 Ne7 31. Bd6 Rf6+ 32. Ke2 Nf5 33. Bxc5 Ng3+ 34. Kd3 Rf5 35. Bd4 Kf8 36. c4 dxc4+ 37. Kxc4 Rf2 38. Rd5 Ne4 39. Kd3 1-0

[Event "HUN-chT2 Charousek 1819"]
[Site "Hungary"]
[Date "2018.11.18"]
[Round "4.2"]
[White "Horvath, Peter"]
[Black "Markoja, Boris"]
[Result "1/2-1/2"]
[WhiteElo "2424"]
[BlackElo "2456"]
[PlyCount "24"]
[EventDate "2018.09.23"]
[EventType "team-tourn"]
[EventRounds "11"]
[EventCountry "HUN"]
[SourceTitle "CBM 189 Extra"]
[Source "ChessBase"]
[SourceDate "2019.06.03"]
[SourceVersion "1"]
[SourceVersionDate "2019.06.03"]
[SourceQuality "1"]
[WhiteTeam "Ajka Banyasz"]
[BlackTeam "Aquaprofit Nagykanizsa II"]
[WhiteTeamCountry "HUN"]
[BlackTeamCountry "HUN"]

1. d4 Nf6 2. Nf3 e6 3. Bg5 h6 4. Bh4 b6 5. e3 Bb7 6. Nbd2 Be7 7. c3 Ne4 8. Bxe7 Qxe7 9. Nxe4 Bxe4 10. Bd3 Bb7 11. e4 d6 12. 0-0 Nd7 1/2-1/2

[Event "HUN-ch rapid"]
[Site "Ajka"]
[Date "2018.07.22"]
[Round "13"]
[White "Medvegy, Zoltan"]
[Black "Horvath, Peter"]
[Result "1/2-1/2"]
[WhiteElo "2543"]
[BlackElo "2424"]
[PlyCount "81"]
[EventDate "2018.07.20"]
[EventType "swiss (rapid)"]
[EventRounds "13"]
[EventCountry "HUN"]
[SourceTitle "CBM 185 Extra"]
[Source "ChessBase"]
[SourceDate "2018.07.29"]
[SourceVersion "1"]
[SourceVersionDate "2018.07.29"]
[SourceQuality "1"]

1. c4 e6 2. g3 d5 3. Nf3 Nf6 4. Bg2 d4 5. 0-0 c5 6. e3 Nc6 7. exd4 cxd4 8. d3 Be7 9. Re1 0-0 10. b3 Nd7 11. Ba3 e5 12. Qc1 f6 13. c5 Kh8 14. Nbd2 a5 15. Ne4 Nb4 16. Qc4 b5 17. Qxb5 Ba6 18. Qa4 Nxd3 19. c6 Bxa3 20. Qxa3 Nxe1 21. Rxe1 Nb6 22. Qxa5 Bd3 23. Qd2 Bxe4 24. Rxe4 Nd5 25. Nxd4 Ne7 26. c7 Qd7 27. Qb4 Rac8 28. Nb5 Nd5 29. Qc5 Nxc7 30. Nxc7 Qxc7 31. Qxc7 Rxc7 32. Bf1 Rc2 33. a4 Rd8 34. a5 Rd1 35. Ra4 Rcc1 36. a6 Rxf1+ 37. Kg2 Rg1+ 38. Kh3 Rc8 39. a7 h6 40. a8Q Rxa8 41. Rxa8+ 1/2-1/2

[Event "HUN-ch rapid"]
[Site "Ajka"]
[Date "2018.07.20"]
[Round "4"]
[White "Horvath, Peter"]
[Black "Margl, Roland"]
[Result "1-0"]
[WhiteElo "2424"]
[BlackElo "2188"]
[PlyCount "97"]
[EventDate "2018.07.20"]
[EventType "swiss (rapid)"]
[EventRounds "13"]
[EventCountry "HUN"]
[SourceTitle "CBM 185 Extra"]
[Source "ChessBase"]
[SourceDate "2018.07.29"]
[SourceVersion "1"]
[SourceVersionDate "2018.07.29"]
[SourceQuality "1"]

1. d4 d5 2. Nf3 Nf6 3. Bf4 e6 4. e3 Bd6 5. Ne5 0-0 6. Nd2 c5 7. c3 Qc7 8. Bd3 Nbd7 9. Ndf3 b6 10. 0-0 Bb7 11. Rc1 Rfd8 12. Re1 Rac8 13. Bb1 Ne4 14. Nxd7 Rxd7 15. Ne5 Rdd8 16. Bxe4 dxe4 17. Bg3 cxd4 18. exd4 f6 19. Ng4 Bxg3 20. hxg3 e5 21. Qb3+ Bd5 22. Qa3 exd4 23. cxd4 Qd7 24. Ne3 a5 25. Rc3 Rxc3 26. bxc3 Bf7 27. c4 Rc8 28. d5 Qc7 29. Qb2 Qc5 30. Qb1 Qd4 31. Nf5 Qe5 32. Qxe4 Kf8 33. Qxe5 fxe5 34. Nd6 Rd8 35. Nxf7 Kxf7 36. Rxe5 Rc8 37. Re4 Rc5 38. a4 Rc7 39. f3 h5 40. Kf2 Kf6 41. Ke3 Kf5 42. g4+ hxg4 43. Rxg4 g5 44. Re4 Rh7 45. g4+ Kf6 46. Re6+ Kf7 47. Rxb6 Rh1 48. Ke4 Rf1 49. c5 1-0

[Event "AUT-chT2M 1718"]
[Site "Austria"]
[Date "2018.02.10"]
[Round "8.3"]
[White "Testor, Sebastian"]
[Black "Horvath, Peter"]
[Result "1-0"]
[WhiteElo "2281"]
[BlackElo "2422"]
[PlyCount "89"]
[EventDate "2017.10.27"]
[EventType "team-tourn"]
[EventRounds "11"]
[EventCountry "AUT"]
[SourceTitle "EXT 2019"]
[Source "ChessBase"]
[SourceDate "2018.10.10"]
[SourceVersion "1"]
[SourceVersionDate "2018.10.10"]
[SourceQuality "1"]
[WhiteTeam "Sauwald"]
[BlackTeam "Leoben"]
[WhiteTeamCountry "AUT"]
[BlackTeamCountry "AUT"]

1. d4 d5 2. c4 e6 3. Nc3 Bb4 4. Nf3 Nf6 5. Qa4+ Nc6 6. e3 0-0 7. Qc2 dxc4 8. Bxc4 a6 9. a3 Bd6 10. 0-0 e5 11. h3 Qe7 12. d5 Nb8 13. e4 h6 14. Be3 Nh5 15. Rfc1 Qf6 16. Qd1 Nf4 17. Bf1 Nd7 18. g3 Ng6 19. b4 Qe7 20. Nd2 a5 21. Nc4 axb4 22. Nxd6 cxd6 23. axb4 Rxa1 24. Rxa1 Nf6 25. Qd3 Nh7 26. Bg2 h5 27. Nb5 h4 28. Kh2 f5 29. exf5 Bxf5 30. Be4 hxg3+ 31. fxg3 Bxe4 32. Qxe4 Qf6 33. Ra2 Ng5 34. Bxg5 Qxg5 35. Nxd6 Rf6 36. Nc4 Qc1 37. Nxe5 Nxe5 38. Qxe5 Qb1 39. Rb2 Qf1 40. Qe8+ Kh7 41. Qe2 Qa1 42. Rd2 Rf1 43. Qe4+ Kh6 44. d6 Qc1 45. Re2 1-0